000 00725cam a22002297a 4500
005 20220329141218.0
008 971010s1981 r 00010 d
010 _a64476
011 _a65448
035 _a72208
082 _a633.2
_bA9
100 0 0 _aAyerza, Ricardo.
_99004
245 1 3 _aEl buffel grass
_b: utilidad y manejo de una promisoria gramínea
260 _aBuenos Aires :
_bHemisferio sur,
_c1981
300 _a139 p.
590 _aBATCH-UPD
_b10
_c20130110
_lUCH01
_h0907
590 _aCONVERSION
_b10
_c20130109
_lUCH01
_h1335
650 1 4 _aZacate Buffel.
_9123395
901 _aBK
949 _a633.2 A9
_bZA
_cLIBRO
_d-4898
_eLIBRO
_h5258
_i72208
_si
949 _a633.8849 A9
_bZ
_cLIBRO
_d-26664
_eLIBRO
_h286
_i72208
_si
999 _c64476
_d64476